[Event "Piestany op-B"]
[Site "Piestany"]
[Date "2023.07.18"]
[Round "8"]
[White "Jaroszewski, Mateusz"]
[Black "Vagovic, Milan"]
[Result "1-0"]
[WhiteElo "1310"]
[BlackElo "1652"]
[PlyCount "53"]
[EventDate "2023.07.11"]
[EventType "swiss"]
[EventRounds "9"]
[EventCountry "SVK"]
[SourceTitle "EXT 2024"]
[Source "ChessBase"]
[SourceDate "2023.10.10"]
[SourceVersion "1"]
[SourceVersionDate "2023.10.10"]
[SourceQuality "1"]

1. e4 c5 2. Nf3 d6 3. d4 cxd4 4. Nxd4 Nf6 5. Nc3 a6 6. Be2 e6 7. f4 b5 8. Bf3 Bb7 9. e5 Nd5 10. Nxd5 Bxd5 11. Bxd5 exd5 12. e6 Qf6 13. 0-0 Be7 14. Nxb5 axb5 15. Qxd5 fxe6 16. Qxa8 0-0 17. Qe4 Nd7 18. Be3 d5 19. Qd3 Bc5 20. Bxc5 Nxc5 21. Qxb5 Ne4 22. Qd3 Rd8 23. c3 Rc8 24. a4 h5 25. a5 Rc4 26. a6 Qd8 27. Qe3 1-0

[Event "Piestany op-B"]
[Site "Piestany"]
[Date "2023.07.15"]
[Round "5"]
[White "Vagovic, Milan"]
[Black "Otahal, Kristian"]
[Result "1-0"]
[WhiteElo "1652"]
[BlackElo "1128"]
[PlyCount "51"]
[EventDate "2023.07.11"]
[EventType "swiss"]
[EventRounds "9"]
[EventCountry "SVK"]
[SourceTitle "EXT 2024"]
[Source "ChessBase"]
[SourceDate "2023.10.10"]
[SourceVersion "1"]
[SourceVersionDate "2023.10.10"]
[SourceQuality "1"]

1. d4 Nf6 2. c4 g6 3. Nc3 d5 4. cxd5 Nxd5 5. e4 Nxc3 6. bxc3 Bg7 7. Nf3 c5 8. Bc4 0-0 9. 0-0 Bg4 10. Be3 Nc6 11. Bd5 cxd4 12. cxd4 Bxf3 13. gxf3 e6 14. Bxc6 bxc6 15. Rc1 Qh4 16. f4 f5 17. Qf3 fxe4 18. Qxe4 Rf5 19. Rxc6 Rh5 20. Qg2 Rf8 21. Rfc1 Bxd4 22. Bxd4 Rxf4 23. Rc8+ Kf7 24. R1c7+ Qe7 25. Rxe7+ Kxe7 26. Qb7+ 1-0

[Event "Piestany op-B"]
[Site "Piestany"]
[Date "2023.07.13"]
[Round "3"]
[White "Vagovic, Milan"]
[Black "Rucabado, Stefan"]
[Result "0-1"]
[WhiteElo "1652"]
[BlackElo "1894"]
[PlyCount "206"]
[EventDate "2023.07.11"]
[EventType "swiss"]
[EventRounds "9"]
[EventCountry "SVK"]
[SourceTitle "EXT 2024"]
[Source "ChessBase"]
[SourceDate "2023.10.10"]
[SourceVersion "1"]
[SourceVersionDate "2023.10.10"]
[SourceQuality "1"]

1. d4 Nf6 2. c4 g6 3. Nc3 Bg7 4. e4 d6 5. Nf3 0-0 6. Bd3 e5 7. dxe5 dxe5 8. Bg5 Re8 9. 0-0 c6 10. Qe2 Nbd7 11. b4 Nf8 12. Bh4 Qc7 13. Rac1 Nh5 14. Bg3 Ne6 15. Rfe1 Nef4 16. Qc2 Bg4 17. Be2 Bxf3 18. Bxf3 Nxg3 19. hxg3 Ne6 20. Ne2 a5 21. b5 Rac8 22. Qb1 Rcd8 23. Red1 Bh6 24. Rxd8 Rxd8 25. Rd1 Bd2 26. a4 Bb4 27. Bg4 Nc5 28. Qc2 Qe7 29. Rxd8+ Qxd8 30. bxc6 bxc6 31. f4 f6 32. Bf3 Qd2 33. Qxd2 Bxd2 34. fxe5 fxe5 35. Bg4 Nxa4 36. Bd7 Nb2 37. Bxc6 a4 38. Bd5+ Kf8 39. c5 Be3+ 40. Kf1 Bxc5 41. Nc1 Be3 42. Na2 Bd2 43. Ke2 Ba5 44. Nc1 a3 45. Bb3 Bc3 46. Na2 Bd4 47. Nc1 Ke7 48. Na2 Kf6 49. Nb4 Kg5 50. Bg8 h6 51. Be6 Na4 52. Kf3 Nc3 53. Na2 Na4 54. Bd5 Nc5 55. Nb4 Kf6 56. Bc4 Ne6 57. Bd5 Bc5 58. Na2 Bg1 59. Ke2 Bd4 60. Nb4 Nc5 61. Na2 Kg5 62. Kf3 Nd3 63. Ke2 Nb2 64. Be6 Na4 65. Kf3 Bb2 66. Bd5 h5 67. Bf7 Nc5 68. Bc4 Nd7 69. Bf7 Nf6 70. Nb4 Bd4 71. Na2 Ng4 72. Be6 Nh6 73. Nb4 Kf6 74. Bc8 Nf7 75. Bb7 Ng5+ 76. Ke2 Bb2 77. Nd5+ Kg7 78. Nb4 Ne6 79. Bd5 Kf6 80. Na2 Nd4+ 81. Kd3 g5 82. Nb4 g4 83. Na2 Kg5 84. Ke3 Nc2+ 85. Kd2 Nd4 86. Ke3 Nb5 87. Bc6 Nc7 88. Nb4 Na6 89. Na2 Nc5 90. Bd5 Bd4+ 91. Ke2 Na4 92. Be6 Nc5 93. Bd5 Bb2 94. Ke3 Na4 95. Ke2 Nc3+ 96. Nxc3 Bxc3 97. Be6 h4 98. gxh4+ Kxh4 99. Kf2 Bd4+ 100. Kf1 Kg3 101. Ba2 Kf4 102. Bb1 Ke3 103. Bc2 a2 0-1

[Event "SVK-chT4 A21 2223"]
[Site "Slovakia"]
[Date "2022.12.11"]
[Round "5.2"]
[White "Kanka, Tomas"]
[Black "Vagovic, Milan"]
[Result "1-0"]
[WhiteElo "1671"]
[BlackElo "1730"]
[PlyCount "33"]
[EventDate "2022.10.09"]
[EventType "team-tourn"]
[EventRounds "11"]
[EventCountry "SVK"]
[SourceTitle "EXT 2024"]
[Source "ChessBase"]
[SourceDate "2023.10.10"]
[SourceVersion "1"]
[SourceVersionDate "2023.10.10"]
[SourceQuality "1"]
[WhiteTeam "Gbely Interchess"]
[BlackTeam "Chtelnica Kamenar"]
[WhiteTeamCountry "SVK"]
[BlackTeamCountry "SVK"]

1. e4 c5 2. d4 cxd4 3. c3 dxc3 4. Nxc3 e6 5. Bc4 Nc6 6. Nf3 Bb4 7. 0-0 Bxc3 8. bxc3 Qc7 9. Ba3 Ne5 10. Nxe5 Qxe5 11. f4 Qc7 12. f5 Nf6 13. fxe6 dxe6 14. Qd4 Bd7 15. Rxf6 gxf6 16. Qxf6 Bc8 17. Bb5+ 1-0

[Event "SVK-chT4 A21 2223"]
[Site "Slovakia"]
[Date "2022.11.13"]
[Round "3.2"]
[White "Wallner, Juraj"]
[Black "Vagovic, Milan"]
[Result "0-1"]
[WhiteElo "1559"]
[BlackElo "1730"]
[PlyCount "72"]
[EventDate "2022.10.09"]
[EventType "team-tourn"]
[EventRounds "11"]
[EventCountry "SVK"]
[SourceTitle "EXT 2024"]
[Source "ChessBase"]
[SourceDate "2023.10.10"]
[SourceVersion "1"]
[SourceVersionDate "2023.10.10"]
[SourceQuality "1"]
[WhiteTeam "Stefanov"]
[BlackTeam "Chtelnica Kamenar"]
[WhiteTeamCountry "SVK"]
[BlackTeamCountry "SVK"]

1. e4 c5 2. Nf3 d6 3. d4 cxd4 4. Nxd4 Nf6 5. Nc3 a6 6. a4 e5 7. Nf3 Be7 8. Bc4 h6 9. h3 Qc7 10. Qe2 Nbd7 11. a5 Nc5 12. Nd5 Nxd5 13. Bxd5 Be6 14. Bxe6 Nxe6 15. 0-0 Rc8 16. c3 Nc5 17. Nd2 Bg5 18. Ra3 Qc6 19. f3 Ne6 20. g3 0-0 21. h4 Be7 22. Rf2 Rfd8 23. Nf1 d5 24. Ra1 Bc5 25. exd5 Bxf2+ 26. Qxf2 Rxd5 27. Be3 Rcd8 28. Qe2 Nc5 29. Nd2 Nd3 30. c4 R5d7 31. b3 f5 32. Bb6 Re8 33. Nf1 Qg6 34. Kh2 f4 35. g4 e4 36. Ra2 Nc1 0-1

[Event "SVK-chT4 A21 2122"]
[Site "Slovakia"]
[Date "2022.05.01"]
[Round "5.2"]
[White "Jancovicova, Petra"]
[Black "Vagovic, Milan"]
[Result "1-0"]
[WhiteElo "1672"]
[BlackElo "1698"]
[PlyCount "53"]
[EventDate "2021.10.17"]
[EventType "team-tourn"]
[EventRounds "11"]
[EventCountry "SVK"]
[SourceTitle "EXT 2024"]
[Source "ChessBase"]
[SourceDate "2023.10.10"]
[SourceVersion "1"]
[SourceVersionDate "2023.10.10"]
[SourceQuality "1"]
[WhiteTeam "Vrbove II"]
[BlackTeam "Chtelnica Kamenar"]
[WhiteTeamCountry "SVK"]
[BlackTeamCountry "SVK"]

1. e4 c5 2. Nf3 d6 3. d4 cxd4 4. Nxd4 Nf6 5. Nc3 Nc6 6. Be2 e6 7. Be3 a6 8. g4 h6 9. f3 e5 10. Nb3 Be7 11. Qd2 Nd7 12. 0-0-0 b5 13. Nd5 Bf8 14. h4 g6 15. Kb1 Rb8 16. g5 h5 17. Bf1 a5 18. Bh3 a4 19. Bxd7+ Bxd7 20. Nf6+ Qxf6 21. gxf6 axb3 22. axb3 Be6 23. f4 exf4 24. Bxf4 Ne5 25. Bxe5 dxe5 26. Qc3 Bh6 27. Qc6+ 1-0

[Event "SVK-chT3A2 2122"]
[Site "Slovakia"]
[Date "2022.03.20"]
[Round "11.5"]
[White "Sarmir, Milos"]
[Black "Vagovic, Milan"]
[Result "1-0"]
[WhiteElo "2042"]
[BlackElo "1704"]
[PlyCount "85"]
[EventDate "2021.10.10"]
[EventType "team-tourn"]
[EventRounds "11"]
[EventCountry "SVK"]
[SourceTitle "EXT 2024"]
[Source "ChessBase"]
[SourceDate "2023.10.10"]
[SourceVersion "1"]
[SourceVersionDate "2023.10.10"]
[SourceQuality "1"]
[WhiteTeam "Cifer II"]
[BlackTeam "Modranka Komplet II"]
[WhiteTeamCountry "SVK"]
[BlackTeamCountry "SVK"]

1. e4 c5 2. Nf3 d6 3. d4 cxd4 4. Nxd4 Nf6 5. Bd3 Nc6 6. Nxc6 bxc6 7. c4 Bb7 8. 0-0 g6 9. Nc3 Bg7 10. Be3 0-0 11. Qe2 Qc7 12. Rac1 Qa5 13. Bd2 Qd8 14. Rfd1 Nd7 15. Kh1 Rb8 16. f4 e6 17. Be3 c5 18. Bb1 Qe7 19. Qd2 Bxc3 20. Rxc3 Nf6 21. e5 dxe5 22. fxe5 Ng4 23. Bg5 Qc7 24. Rg3 Nxe5 25. Bf6 Nd7 26. Qxd7 Qf4 27. Bc3 e5 28. Bd2 Qd4 29. Bg5 Qxd7 30. Rxd7 Bc6 31. Rd2 f6 32. Bh6 Rf7 33. Rgd3 Re7 34. Rd6 Be8 35. Be4 f5 36. Bd5+ Bf7 37. b3 Bxd5 38. R6xd5 Rc8 39. Rd8+ Rxd8 40. Rxd8+ Kf7 41. Bg5 Rc7 42. Kg1 Ke6 43. Kf2 1-0

[Event "SVK-chT4 A21 2122"]
[Site "Slovakia"]
[Date "2021.10.31"]
[Round "2.1"]
[White "Cerovsky, Marian"]
[Black "Vagovic, Milan"]
[Result "1-0"]
[WhiteElo "1794"]
[BlackElo "1698"]
[PlyCount "115"]
[EventDate "2021.10.17"]
[EventType "team-tourn"]
[EventRounds "11"]
[EventCountry "SVK"]
[SourceTitle "EXT 2023"]
[Source "ChessBase"]
[SourceDate "2022.10.05"]
[SourceVersion "1"]
[SourceVersionDate "2022.10.05"]
[SourceQuality "1"]
[WhiteTeam "Kopcany"]
[BlackTeam "Chtelnica Kamenar"]
[WhiteTeamCountry "SVK"]
[BlackTeamCountry "SVK"]

1. e4 c5 2. Nc3 d6 3. Bc4 e6 4. a4 Nc6 5. d3 Nf6 6. f4 Be7 7. Nf3 a6 8. 0-0 Qc7 9. h3 b6 10. Nh2 Bb7 11. Ng4 h5 12. Nxf6+ Bxf6 13. f5 Ke7 14. Ne2 Ne5 15. Ba2 g5 16. fxg6 Nxg6 17. Nf4 Nxf4 18. Rxf4 Be5 19. Rh4 Rag8 20. Rxh5 d5 21. Rxh8 Rxh8 22. exd5 Bh2+ 23. Kf1 Qg3 24. Qf3 Qxf3+ 25. gxf3 Rxh3 26. Kg2 Rh5 27. dxe6 fxe6 28. Bd2 Bd6 29. Kf2 Rh2+ 30. Ke3 Bf4+ 31. Kxf4 Rxd2 32. Re1 Bc8 33. Bb3 Kf6 34. Rh1 Rg2 35. Rh8 Bb7 36. Rh6+ Rg6 37. Rxg6+ Kxg6 38. Bxe6 Kf6 39. Bb3 Bc6 40. Kg4 Bd7+ 41. Kf4 Bc6 42. Ke3 Ke5 43. c3 b5 44. axb5 axb5 45. d4+ cxd4+ 46. cxd4+ Kd6 47. Kf4 Bb7 48. Kg4 Bc8+ 49. Kg5 Bb7 50. f4 Ke7 51. f5 Be4 52. f6+ Kf8 53. Kf4 Bd3 54. Ke5 Be2 55. d5 Kf7 56. d6+ Bc4 57. Bxc4+ bxc4 58. Kf5 1-0

[Event "SVK-chT4 A21 2122"]
[Site "Slovakia"]
[Date "2021.10.17"]
[Round "1.1"]
[White "Vagovic, Milan"]
[Black "Kurinec, Jozef"]
[Result "1/2-1/2"]
[WhiteElo "1698"]
[BlackElo "1857"]
[PlyCount "52"]
[EventDate "2021.10.17"]
[EventType "team-tourn"]
[EventRounds "11"]
[EventCountry "SVK"]
[SourceTitle "EXT 2023"]
[Source "ChessBase"]
[SourceDate "2022.10.05"]
[SourceVersion "1"]
[SourceVersionDate "2022.10.05"]
[SourceQuality "1"]
[WhiteTeam "Chtelnica Kamenar"]
[BlackTeam "Smolenice"]
[WhiteTeamCountry "SVK"]
[BlackTeamCountry "SVK"]

1. d4 d5 2. c4 c6 3. Nc3 e6 4. Nf3 Bd6 5. c5 Bc7 6. b4 a6 7. e3 Nd7 8. Bb2 e5 9. dxe5 Nxe5 10. Nxe5 Bxe5 11. Na4 Bxb2 12. Nxb2 Qf6 13. Qd4 Qxd4 14. exd4 Bf5 15. a4 Nf6 16. f3 0-0 17. g4 Rfe8+ 18. Kf2 Bg6 19. Be2 Re7 20. Rhe1 Rae8 21. b5 Re3 22. bxa6 Rb3 23. Ra2 bxa6 24. a5 Rb4 25. Bxa6 Rxe1 26. Kxe1 Bb1 1/2-1/2

[Event "SVK-chT4 A21 1920"]
[Site "Slovakia"]
[Date "2020.02.09"]
[Round "8.2"]
[White "Krakovsky, Peter"]
[Black "Vagovic, Milan"]
[Result "1-0"]
[WhiteElo "1676"]
[BlackElo "1719"]
[PlyCount "75"]
[EventDate "2019.10.13"]
[EventType "team-tourn"]
[EventRounds "11"]
[EventCountry "SVK"]
[SourceTitle "CBM 195 Extra"]
[Source "ChessBase"]
[SourceDate "2020.05.31"]
[SourceVersion "1"]
[SourceVersionDate "2020.05.31"]
[SourceQuality "1"]
[WhiteTeam "Skalica III"]
[BlackTeam "Chtelnica Kamenar"]
[WhiteTeamCountry "SVK"]
[BlackTeamCountry "SVK"]

1. c4 c5 2. Nc3 Nf6 3. g3 Nc6 4. Bg2 g6 5. Nf3 Bg7 6. 0-0 0-0 7. e3 e6 8. d4 cxd4 9. exd4 d5 10. c5 Re8 11. Re1 b6 12. cxb6 axb6 13. Bg5 h6 14. Be3 Na5 15. b3 Nc6 16. Rc1 Bb7 17. Qd2 Kh7 18. a4 Rc8 19. Nb5 Ba6 20. Bf1 Ne4 21. Qb2 Ne7 22. Rxc8 Bxc8 23. Bd3 Nd6 24. Rc1 Nef5 25. Bf4 Nxb5 26. Bxb5 Re7 27. Qc3 Bb7 28. Bc7 Qa8 29. Bxb6 Nd6 30. Bd3 Ba6 31. Bc5 Rd7 32. Bxd6 Bxd3 33. Be5 Be2 34. Bxg7 Kxg7 35. Ne5 Ra7 36. Qe3 Ba6 37. Ng4 Qh8 38. Qe5+ 1-0

[Event "SVK-chT4 A21 1920"]
[Site "Slovakia"]
[Date "2020.01.12"]
[Round "6.2"]
[White "Klimes, Karel"]
[Black "Vagovic, Milan"]
[Result "0-1"]
[WhiteElo "1706"]
[BlackElo "1719"]
[PlyCount "136"]
[EventDate "2019.10.13"]
[EventType "team-tourn"]
[EventRounds "11"]
[EventCountry "SVK"]
[SourceTitle "CBM 194 Extra"]
[Source "ChessBase"]
[SourceDate "2020.03.31"]
[SourceVersion "1"]
[SourceVersionDate "2020.03.31"]
[SourceQuality "1"]
[WhiteTeam "Stefanov"]
[BlackTeam "Chtelnica Kamenar"]
[WhiteTeamCountry "SVK"]
[BlackTeamCountry "SVK"]

1. e4 c5 2. Nf3 d6 3. Bc4 e6 4. c3 Nf6 5. d3 Be7 6. e5 Nfd7 7. Bf4 d5 8. Bb3 b5 9. Bc2 Nc6 10. 0-0 Bb7 11. d4 a5 12. a4 b4 13. Re1 c4 14. Qd2 Nf8 15. b3 bxc3 16. Nxc3 Nb4 17. bxc4 Nxc2 18. Qxc2 dxc4 19. Ne4 Bd5 20. Bg5 f6 21. exf6 gxf6 22. Bh4 Ng6 23. Bg3 0-0 24. Nfd2 f5 25. f3 fxe4 26. fxe4 c3 27. Qxc3 Bb4 28. Qd3 Bb7 29. Re2 Ba6 30. Nc4 Rc8 31. Rc2 Rf7 32. Rd1 Rd7 33. Bf2 Rdc7 34. Rdc1 Nf4 35. Qg3+ Ng6 36. Qb3 Bxc4 37. Rxc4 Rxc4 38. Rxc4 Rxc4 39. Qxc4 Qd7 40. Bg3 Nf8 41. d5 exd5 42. exd5 Bd6 43. Bxd6 Qxd6 44. Qb5 Qc7 45. Qb3 Kg7 46. Qe3 Kf7 47. Qf2+ Ke8 48. Qe3+ Kd8 49. Qg5+ Qe7 50. Qd2 Qb4 51. Qg5+ Kc8 52. Qc1+ Kd8 53. Qg5+ Ke8 54. Qe5+ Qe7 55. Qb8+ Kf7 56. h3 Nd7 57. Qc7 Qc5+ 58. Qxc5 Nxc5 59. Kf2 Nxa4 60. Ke3 Ke7 61. g4 Kd6 62. Kd4 Nb6 63. g5 Nxd5 64. h4 a4 65. h5 Nf4 66. g6 h6 67. g7 Ne6+ 68. Kc4 Nxg7 0-1

[Event "SVK-chT4 A21 1920"]
[Site "Slovakia"]
[Date "2019.12.15"]
[Round "5.2"]
[White "Vagovic, Milan"]
[Black "Jakubec, Milan"]
[Result "0-1"]
[WhiteElo "1719"]
[BlackElo "1995"]
[PlyCount "66"]
[EventDate "2019.10.13"]
[EventType "team-tourn"]
[EventRounds "11"]
[EventCountry "SVK"]
[SourceTitle "CBM 194 Extra"]
[Source "ChessBase"]
[SourceDate "2020.03.31"]
[SourceVersion "1"]
[SourceVersionDate "2020.03.31"]
[SourceQuality "1"]
[WhiteTeam "Chtelnica Kamenar"]
[BlackTeam "Myjava Spartak"]
[WhiteTeamCountry "SVK"]
[BlackTeamCountry "SVK"]

1. d4 d5 2. c4 e6 3. Nc3 Nf6 4. Nf3 c6 5. cxd5 exd5 6. Bg5 Nbd7 7. e3 Qa5 8. Bd3 Ne4 9. Qb3 Nxg5 10. Nxg5 h6 11. Nf3 Bd6 12. Rc1 0-0 13. 0-0 Re8 14. Bf5 Qd8 15. Na4 g6 16. Bd3 Qe7 17. Qc2 Nf6 18. Kh1 Ne4 19. Nc3 Bg4 20. Be2 Bxf3 21. Bxf3 Qh4 22. h3 Ng5 23. Bg4 f5 24. Bxf5 gxf5 25. Qxf5 Nf7 26. Ne2 Qg5 27. Qd3 Kh8 28. Rc3 Rg8 29. Rg1 Qh4 30. Rf1 Raf8 31. f4 Ng5 32. Ng1 Ne4 33. Nf3 Nf2+ 0-1

[Event "SVK-chT4 A21 1819"]
[Site "Slovakia"]
[Date "2019.03.17"]
[Round "11.1"]
[White "Vagovic, Milan"]
[Black "Nemeckay, Rastislav"]
[Result "1-0"]
[WhiteElo "1691"]
[BlackElo "1936"]
[PlyCount "85"]
[EventDate "2018.10.14"]
[EventType "team-tourn"]
[EventRounds "11"]
[EventCountry "SVK"]
[SourceTitle "CBM 189 Extra"]
[Source "ChessBase"]
[SourceDate "2019.06.03"]
[SourceVersion "1"]
[SourceVersionDate "2019.06.03"]
[SourceQuality "1"]
[WhiteTeam "Chtelnica Kamenar"]
[BlackTeam "Stefanov"]
[WhiteTeamCountry "SVK"]
[BlackTeamCountry "SVK"]

1. d4 d5 2. c4 c6 3. Nf3 Nf6 4. Nc3 e6 5. Bg5 Nbd7 6. e3 Qa5 7. Nd2 Bb4 8. Bxf6 Nxf6 9. Qc2 0-0 10. Bd3 a6 11. 0-0 b5 12. c5 Bxc3 13. bxc3 h6 14. a4 bxa4 15. Rxa4 Qc7 16. Rfa1 e5 17. Bxa6 Bxa6 18. Rxa6 Rxa6 19. Rxa6 exd4 20. cxd4 Rb8 21. g3 Qb7 22. Rb6 Qc7 23. Qb1 Rxb6 24. Qxb6 Qxb6 25. cxb6 Nd7 26. b7 Kf8 27. Nb3 Ke7 28. Nc5 Nb8 29. f3 Kd6 30. g4 Ke7 31. h4 Kf6 32. e4 dxe4 33. fxe4 Ke7 34. Kf2 Kd6 35. Ke3 Kc7 36. Kf4 Kd6 37. Kf5 Ke7 38. g5 hxg5 39. hxg5 Ke8 40. e5 Ke7 41. g6 Ke8 42. e6 fxg6+ 43. Kxg6 1-0

[Event "SVK-chT4 A21 1819"]
[Site "Slovakia"]
[Date "2019.01.06"]
[Round "6.2"]
[White "Vagovic, Milan"]
[Black "Husek, Lubomir"]
[Result "0-1"]
[WhiteElo "1691"]
[BlackElo "1875"]
[PlyCount "186"]
[EventDate "2018.10.14"]
[EventType "team-tourn"]
[EventRounds "11"]
[EventCountry "SVK"]
[SourceTitle "CBM 189 Extra"]
[Source "ChessBase"]
[SourceDate "2019.06.03"]
[SourceVersion "1"]
[SourceVersionDate "2019.06.03"]
[SourceQuality "1"]
[WhiteTeam "Chtelnica Kamenar"]
[BlackTeam "Holic II"]
[WhiteTeamCountry "SVK"]
[BlackTeamCountry "SVK"]

1. d4 f5 2. Nf3 Nf6 3. c4 g6 4. Nc3 Bg7 5. Bg5 d6 6. Qc2 0-0 7. Rd1 Qe8 8. b4 c6 9. a4 Nbd7 10. Bf4 e5 11. dxe5 dxe5 12. Bc1 e4 13. Nd4 Ne5 14. e3 Bd7 15. Be2 a6 16. 0-0 Rc8 17. c5 h6 18. f4 exf3 19. Nxf3 Nxf3+ 20. Bxf3 Rf7 21. e4 Re7 22. exf5 Bxf5 23. Qa2+ Kh7 24. Ne2 Rd8 25. Rxd8 Qxd8 26. Bf4 Qe8 27. Qd2 Ne4 28. Qd1 Rd7 29. Bd6 Nxd6 30. cxd6 Qe6 31. Ng3 Rxd6 32. Qc1 Bd3 33. Re1 Qd7 34. Ne4 Bxe4 35. Rxe4 Rd4 36. Qe1 Rxe4 37. Bxe4 Qd4+ 38. Kh1 Qb2 39. h4 Bc3 40. Qf1 Kg7 41. b5 axb5 42. axb5 cxb5 43. Bxb7 Bf6 44. Bd5 Qd4 45. Qf3 Qxh4+ 46. Kg1 Bd4+ 47. Kf1 Qf6 48. Ke2 Qxf3+ 49. Kxf3 b4 50. Ke4 Bc3 51. g4 Kf6 52. Bb3 Kg5 53. Kf3 h5 54. gxh5 Kxh5 55. Kg3 Be5+ 56. Kh3 Kg5 57. Bc2 Kf6 58. Kg4 g5 59. Bb3 Bf4 60. Kf3 Ke5 61. Ke2 Kd4 62. Kd1 Kc3 63. Be6 b3 64. Bf5 b2 65. Ke2 g4 66. Bb1 Kd4 67. Bf5 Be3 68. Bb1 g3 69. Kf3 Bf2 70. Bf5 Kc3 71. Ke2 Bd4 72. Kf3 Be5 73. Ke2 Bd6 74. Bb1 Bc5 75. Kf3 Bf2 76. Ke2 Bg1 77. Kf1 Bc5 78. Kg2 Bd6 79. Kf3 Kd2 80. Kg2 Kc1 81. Be4 b1Q 82. Bxb1 Kxb1 83. Kf1 Kc2 84. Kg2 Kd2 85. Kf1 Ke3 86. Kg2 Kf4 87. Kg1 Bc5+ 88. Kg2 Kg4 89. Kh1 Kh4 90. Kg2 Bd6 91. Kg1 Kh3 92. Kh1 g2+ 93. Kg1 Bc5# 0-1

[Event "SVK-chT4 A21 1819"]
[Site "Slovakia"]
[Date "2018.10.28"]
[Round "2.2"]
[White "Vagovic, Milan"]
[Black "Kubis, Ivan"]
[Result "1/2-1/2"]
[WhiteElo "1691"]
[BlackElo "1871"]
[PlyCount "108"]
[EventDate "2018.10.14"]
[EventType "team-tourn"]
[EventRounds "11"]
[EventCountry "SVK"]
[SourceTitle "CBM 189 Extra"]
[Source "ChessBase"]
[SourceDate "2019.06.03"]
[SourceVersion "1"]
[SourceVersionDate "2019.06.03"]
[SourceQuality "1"]
[WhiteTeam "Chtelnica Kamenar"]
[BlackTeam "Gbely Nafta III"]
[WhiteTeamCountry "SVK"]
[BlackTeamCountry "SVK"]

1. d4 Nf6 2. Nf3 e6 3. e3 b6 4. c4 Bb7 5. Nc3 Be7 6. Bd3 d5 7. cxd5 exd5 8. a3 0-0 9. b4 Nbd7 10. Bb2 Ne4 11. 0-0 f5 12. Qb3 Ndf6 13. h3 g5 14. Bxe4 Nxe4 15. Nxe4 fxe4 16. Ne5 Bd6 17. Rac1 Qe8 18. b5 a5 19. a4 Qe6 20. Ba3 Rf5 21. Bxd6 Qxd6 22. Qb2 Re8 23. Qc3 Re7 24. Rc2 h5 25. Rfc1 Rg7 26. g3 Rf8 27. Qe1 Qe6 28. Kg2 Bc8 29. Qh1 Qf5 30. Qh2 Re7 31. g4 Qf6 32. gxh5 Rh7 33. Qg3 Rxh5 34. Rh1 Qd6 35. Rc6 Qd8 36. Ng4 Rf3 37. Qxc7 Qxc7 38. Rxc7 Bxg4 39. hxg4 Rxh1 40. Kxh1 Rxf2 41. Rc6 Rf3 42. Rxb6 Rxe3 43. Kg2 Ra3 44. Rg6+ Kf7 45. Rxg5 Rxa4 46. Rxd5 Rb4 47. b6 a4 48. b7 Rxb7 49. Ra5 Rb4 50. d5 Kf6 51. d6 Ke6 52. Ra6 e3 53. Kf3 Rxg4 54. Kxe3 Rb4 1/2-1/2

[Event "Levice op"]
[Site "Levice"]
[Date "2018.08.04"]
[Round "4"]
[White "Foldesi, Marek"]
[Black "Vagovic, Milan"]
[Result "1/2-1/2"]
[WhiteElo "1984"]
[BlackElo "1675"]
[PlyCount "132"]
[EventDate "2018.08.02"]
[EventType "swiss"]
[EventRounds "7"]
[EventCountry "SVK"]
[SourceTitle "CBM 185 Extra"]
[Source "ChessBase"]
[SourceDate "2018.07.29"]
[SourceVersion "1"]
[SourceVersionDate "2018.07.29"]
[SourceQuality "1"]

1. e4 c5 2. Nf3 e6 3. d4 cxd4 4. Nxd4 Nc6 5. g3 Nf6 6. Bg2 Qb6 7. Nb3 Bb4+ 8. c3 Be7 9. 0-0 0-0 10. Be3 Qc7 11. f4 d6 12. c4 e5 13. f5 b6 14. Nc3 Rd8 15. g4 h6 16. h4 Nh7 17. Nd5 Qb7 18. Qe1 f6 19. Nd2 Bd7 20. Nb1 Be8 21. Nbc3 Rac8 22. Rd1 Bf7 23. b3 Bxd5 24. Nxd5 Bf8 25. Qg3 Kh8 26. Bh3 Ne7 27. g5 Nxd5 28. Rxd5 hxg5 29. hxg5 fxg5 30. Bxg5 Be7 31. Bh4 Nf6 32. Bxf6 Bxf6 33. Bg4 Kg8 34. Rfd1 Qc7 35. Qd3 Be7 36. f6 Bxf6 37. Be6+ Kf8 38. Bxc8 Qxc8 39. Qf3 Ke7 40. Kg2 Qe6 41. Qh3 Qf7 42. Qg4 Qe8 43. a4 Qc6 44. Qf5 Qc7 45. Qg6 Qc8 46. Rf1 Rh8 47. Rd3 Rh6 48. Qf5 Qc5 49. Rh3 Rxh3 50. Qxh3 Qd4 51. Qf3 Qd2+ 52. Rf2 Qg5+ 53. Qg3 Qh6 54. Re2 Qh5 55. Qf3 Qg5+ 56. Kf1 Qc1+ 57. Re1 Qd2 58. Rd1 Qh2 59. Qg2 Qf4+ 60. Ke2 Bg5 61. Qf3 Qh2+ 62. Qf2 Qh3 63. Rd3 Qh1 64. Rf3 Bf4 65. Qf1 Qh2+ 66. Qf2 Qh1 1/2-1/2

[Event "SVK-chT3A2 1718"]
[Site "Slovakia"]
[Date "2018.03.25"]
[Round "11.5"]
[White "Jarabek, Milan"]
[Black "Vagovic, Milan"]
[Result "0-1"]
[WhiteElo "1738"]
[BlackElo "1651"]
[PlyCount "70"]
[EventDate "2017.10.08"]
[EventType "team-tourn"]
[EventRounds "11"]
[EventCountry "SVK"]
[SourceTitle "EXT 2020"]
[Source "ChessBase"]
[SourceDate "2019.10.17"]
[SourceVersion "1"]
[SourceVersionDate "2019.10.17"]
[SourceQuality "1"]
[WhiteTeam "Senica CVC"]
[BlackTeam "Modranka Komplet"]
[WhiteTeamCountry "SVK"]
[BlackTeamCountry "SVK"]

1. e4 c5 2. Nf3 d6 3. d4 cxd4 4. Nxd4 Nf6 5. Nc3 a6 6. Be2 e6 7. Be3 Be7 8. 0-0 0-0 9. Kh1 Nc6 10. f4 Qc7 11. Qe1 Nxd4 12. Bxd4 e5 13. Be3 b5 14. a3 Bb7 15. Bf3 Rac8 16. Rd1 Qc4 17. Bc1 Rfd8 18. f5 Qc7 19. g4 Nd7 20. Qg3 f6 21. g5 Nc5 22. Qh4 fxg5 23. Bxg5 Bxg5 24. Qxg5 Qf7 25. Rg1 Rd7 26. Nd5 Rf8 27. Bh5 g6 28. fxg6 hxg6 29. Qh6 Nxe4 30. Rxg6+ Qg7 31. Kg2 Nf6 32. Kh3 Nxd5 33. Rxg7+ Rxg7 34. Qe6+ Kh8 35. Rxd5 Bc8 0-1

[Event "SVK-chT4 A21 1718"]
[Site "Slovakia"]
[Date "2018.02.25"]
[Round "10.2"]
[White "Vagovic, Milan"]
[Black "Klimes, Karel"]
[Result "1/2-1/2"]
[WhiteElo "1650"]
[BlackElo "1652"]
[PlyCount "100"]
[EventDate "2017.10.01"]
[EventType "team-tourn"]
[EventRounds "11"]
[EventCountry "SVK"]
[SourceTitle "EXT 2020"]
[Source "ChessBase"]
[SourceDate "2019.10.17"]
[SourceVersion "1"]
[SourceVersionDate "2019.10.17"]
[SourceQuality "1"]
[WhiteTeam "Chtelnica Kamenar"]
[BlackTeam "Stefanov"]
[WhiteTeamCountry "SVK"]
[BlackTeamCountry "SVK"]

1. d4 d5 2. c4 e6 3. Nc3 Nf6 4. Bg5 Be7 5. Nf3 0-0 6. e3 Nbd7 7. Bd3 dxc4 8. Bxc4 c5 9. 0-0 cxd4 10. exd4 Nb6 11. Bb3 a6 12. Rc1 Nfd5 13. Be3 Nf6 14. h3 Nbd5 15. Nxd5 Nxd5 16. Qd3 Bd7 17. Rfd1 Qa5 18. a3 Bb5 19. Bc4 Bxc4 20. Rxc4 Qb5 21. Rc2 Qxd3 22. Rxd3 Rac8 23. Rdd2 Nb6 24. Re2 Rxc2 25. Rxc2 Rc8 26. Rxc8+ Nxc8 27. Nd2 b5 28. b4 Nb6 29. Nb3 Nc4 30. Bc1 Bf6 31. f4 Kf8 32. Kf2 Ke7 33. Kf3 h5 34. g4 hxg4+ 35. hxg4 g6 36. Ke4 Nd6+ 37. Kd3 Nc4 38. Nd2 Nxd2 39. Bxd2 Kd6 40. Ke4 Bg7 41. g5 Kc6 42. Bc3 Kd6 43. Be1 Kc6 44. Bg3 Bh8 45. Be1 Kd6 46. Bg3 Kc6 47. Bf2 Kd6 48. Be1 Bg7 49. Bg3 Kc6 50. Bh2 Bh8 1/2-1/2